000 00779cam a22002653a 4500
001 12334
003 PGUSA
005 20140828083248.0
008 040501s2004||||xxu|||||s|||||000 1 eng d
040 _aPGUSA
_beng
042 _adc
050 4 _aPS
100 1 _aStockton, Frank Richard,
_d1834-1902
245 1 2 _aA Bicycle of Cathay
_h[electronic resource] /
_cFrank Richard Stockton
260 _bProject Gutenberg,
_c2004
506 _aPublic domain in the USA.
516 _aElectronic text
653 _aYoung men -- Fiction
653 _aMan-woman relationships -- Fiction
653 _aBicycle touring -- Fiction
700 1 _aLowell, Orson,
_d1871-1956
830 0 _aProject Gutenberg
_v12334
856 4 0 _uhttp://www.gutenberg.org/ebooks/12334
942 _cEB
999 _c241589
_d241589